| 000 -CABECERA |
| Longitud fija campo de control |
00619nam a2200181 a 4500 |
| 001 - NÚMERO DE CONTROL |
| Número de control |
4123 |
| 003 - IDENTIFICADOR DEL NÚMERO DE CONTROL |
| Identificador del número de control |
CDMR |
| 005 - FECHA Y HORA DE LA ÚLTIMA TRANSACCIÓN |
| Fecha y hora de la última transacción |
20131218104231.0 |
| 008 - CÓDIGOS DE INFORMACIÓN DE LONGITUD FIJA |
| Códigos de información de longitud fija |
130130s1975||||||||||||||||||||||||||||d |
| 040 ## - FUENTE DE LA CATALOGACIÓN |
| Centro catalogador de origen |
CDMR |
| Lengua de catalogación |
cat |
| Centro transcriptor |
CDMR |
| 245 #0 - MENCIÓN DE TÍTULO |
| Título |
Apostando a la democracia |
| Resto del título |
: un año en la tercera página de "El Correo de Andalucía" |
| Mención de responsabilidad, etc. |
Isidoro Moreno [et. al.] |
| 260 ## - PUBLICACIÓN, DISTRIBUCIÓN, ETC. (PIE DE IMPRENTA) |
| Lugar de publicación, distribución, etc. |
Madrid |
| Fecha de publicación, distribución, etc. |
1975 |
| Nombre del editor, distribuidor, etc. |
Akal |
| 300 ## - DESCRIPCIÓN FÍSICA |
| Extensión |
287 p. |
| 490 0# - MENCIÓN DE SERIE |
| Mención de serie |
Akal 74, |
| Designación de volumen o secuencia |
19 |
| 500 ## - NOTA GENERAL |
| Nota general |
Recull d'articles de Isidoro Moreno, Tomás Iglesias, José Luis López, Manuel Ramón Alarcón, José R. de la Borbolla |
| 700 1# - PUNTO DE ACCESO ADICIONAL - NOMBRE DE PERSONA |
| 9 (RLIN) |
4534 |
| Nombre de persona |
Moreno, Isidoro |
| 942 ## - ENTRADA DE ELEMENTOS AGREGADOS (KOHA) |
| Koha [por defecto] tipo de item |
Monografies |
| Fuente de clasificaión o esquema |
|